00853cam a2200193Ia 4500020001500000020001800015040000800033082002600041100002100067245006600088260005400154300003500208500003900243500010500282520020800387650002700595650002200622650001500644 a0812968379 a9780812968378 cORK04a979 RAN 2004 A116 Or.1 aDumas, Firoozeh.10aFunny in Farsi :ba memoir of growing up Iranian in America / aNew York :bRandom House Trade Paperbacks,c2004. aviii, 227 p. :bill. ;c21 cm. a"With a new final chapter"--Cover. aThis work was originally published in hardcover in slightly different form by Villard Books in 2003. aAn autobiography of growing up as an Iranian-American describes the author's family's 1971 move from Iran to Southern California, the members of her diverse family, and their struggle with culture shock. 0aIranian American women 0aIranian Americans 0aImmigrants